000 00727nam a22001935i 4500
001 158884
003 ES-MaACL
005 20230906211347.0
008 950111s1870 sp |||| | spa d
040 _aCLM
_bspa
_cCLM
_dCCPB
080 _a821.134.2-31"18"
100 1 _aMartín, Melitón.
_977355
245 1 0 _aLa leyenda del trabajo /
_cpor Meliton Martín.
260 _aMadrid :
_b[s.n.],
_c1870 (
_fImp. de Segundo Martínez)
300 _aXIV, 432 p. ;
_c21 cm.
530 _aDisponible en formato digital.
852 _aES-MaACL
_jF-13525(3)
_z-- Enc. hol.
_q-- Falto de la cub. original
_z-- Enc. en un vol. facticio
856 _uhttp://bdh-rd.bne.es/viewer.vm?id=0000097604&page=1
_zBiblioteca Digital Hispánica
999 _c158884
_d158884